Countries of Premier League Players - Statistics

General Stats
  • This quiz has been taken 1,397 times
    958 since last reset
  • The average score is 70 of 107
Answer Stats
No. of Players Answer % Correct
1506 England
99%
199 France
98%
126 Spain
97%
69 Brazil
95%
56 Germany
95%
163 Ireland
94%
54 Portugal
94%
196 Scotland
93%
64 Argentina
92%
70 Italy
92%
44 USA
92%
128 Netherlands
90%
8 Russia
90%
107 Wales
90%
59 Sweden
89%
61 Denmark
88%
7 Japan
88%
64 Norway
88%
51 Belgium
87%
11 Canada
87%
11 Egypt
86%
9 Mexico
86%
48 Australia
85%
5 China
85%
13 South Korea
85%
16 Finland
84%
15 Colombia
83%
17 Poland
83%
20 Uruguay
83%
6 Ukraine
82%
63 Northern Ireland
81%
26 Switzerland
81%
14 Chile
80%
17 Morocco
80%
6 New Zealand
80%
14 South Africa
80%
39 Nigeria
79%
23 Croatia
78%
35 Senegal
78%
15 Turkey
78%
16 Austria
77%
16 Slovakia
77%
15 Algeria
76%
26 Ghana
76%
25 Greece
76%
6 Paraguay
76%
5 Slovenia
76%
17 Iceland
75%
30 Serbia
75%
29 Cameroon
73%
10 Hungary
73%
25 Czech Republic
72%
5 Peru
72%
3 Iran
71%
27 Ivory Coast
70%
13 Romania
70%
11 Ecuador
69%
2 Estonia
69%
9 Bulgaria
68%
2 Venezuela
68%
3 Bosnia and Herzegovina
67%
38 Jamaica
67%
5 Latvia
67%
2 Bolivia
66%
1 Albania
65%
5 Tunisia
65%
2 Lithuania
64%
6 Costa Rica
62%
2 Belarus
61%
16 Israel
59%
13 Mali
59%
4 Montenegro
58%
6 Republic of the Congo
58%
6 Honduras
56%
1 Kosovo
56%
1 Kenya
55%
4 Georgia
54%
1 Armenia
53%
4 Gabon
52%
3 Togo
52%
4 Guinea
50%
1 Cyprus
49%
12 Trinidad and Tobago
48%
2 Angola
47%
3 Zambia
46%
3 Zimbabwe
46%
5 Macedonia
45%
2 Liberia
43%
3 Guyana
41%
1 Pakistan
40%
1 Oman
39%
1 Gambia
37%
3 Benin
36%
1 Burkina Faso
36%
3 Barbados
34%
3 Sierra Leone
33%
2 Cape Verde
28%
3 Antigua and Barbuda
27%
3 Saint Kitts and Nevis
27%
11 The Democratic Republic of the Congo
25%
2 Grenada
24%
1 Burundi
23%
1 Faroe Islands
20%
1 Seychelles
17%
3 Bermuda
12%
5 Curacao
9%
1 Montserrat
6%
No matching quizzes found
Score Distribution
Percent of People with Each Score
Percentile by Number Answered
Your Score History
You have not taken this quiz since the last reset